| 000 | 01496nam a2200325 i 4500 | ||
|---|---|---|---|
| 003 | CSPC | ||
| 005 | 20240202120147.0 | ||
| 008 | 240131s2015 ph 000 0 eng d | ||
| 020 | _a9789719913405 | ||
| 040 |
_cCSPC _aCSPC _beng _erda |
||
| 050 | 4 |
_aPL6058.9.A56 _bA2 2015 |
|
| 082 | 0 | 4 |
_a899.211 _bAl61h |
| 100 | 1 |
_aAlma, Rio, _eauthor. |
|
| 240 | 1 | 0 |
_aMuli, sa kandungan ng lupa. _lEnglish |
| 245 | 1 | 0 |
_aHeart land : _bRio Alma's muli sa kandungan ng lupa / _ctranslated by Marne Kilates. |
| 246 | 3 | _aHeartland | |
| 264 | 1 |
_aNaga City, Philippines : _bAteneo de Naga University Press, _c2015. |
|
| 300 |
_axxxv, 393 pages ; _c23 cm. |
||
| 336 |
_2rdacontent _atext |
||
| 337 |
_2rdamedia _aunmediated |
||
| 338 |
_2rdacarrier _avolume |
||
| 505 | 0 | _aOnce more into the heartland of Rio Alma -- Pagbaybay sa kapuluan/Sailing the syllables of islands -- Mga anak ng Siyam-siyam/Children of the monsoon -- Tatsulok ng unos/Typhoon triangle -- Umuulan-umaaraw/Its raining, it's shining -- Mala-kuwento/Semi-stories -- Oriental/Oriental. | |
| 546 | _aEnglish and Tagalog. | ||
| 650 | 0 |
_aTagalog poetry _xTranslations into English. |
|
| 650 | 0 |
_aShort stories, Tagalog _xTranslations into English. |
|
| 700 | 1 |
_aKilates, Marne, _etranslator. |
|
| 710 | 2 |
_aAteneo de Naga University Press, _epublisher. |
|
| 942 |
_2ddc _cBK _h899.211 _iAl61h _kFIL _m2015 _n0 |
||
| 999 |
_c26916 _d26916 |
||